000 00669nam a2200217 a 4500
999 _c3123
_d3123
001 3123
003 BD-JhCC
005 20171113193846.0
008 171111s1965 bg |||| ||a| 000 0 ben d
035 _a(BD-JhCC)3123
040 _aBD-JhCC
_dBD-JhCC
041 _aben
082 _a891.442
_bJAF 1965
100 _aজাফর, সিকান্দার আবু
245 _aসিরাজ-উ-দ্দৌলা /
_cসিকান্দার আবু জাফর,
260 _aঢাকা :
_bমুক্তধারা প্রকাশনী,
_c1965
300 _a96 p :
_c24 cm.
650 _aBengali Drama
942 _2ddc
_cBK